Vom Leitstand zum Fertigungsleitsystem. Dezentrale Systeme schliesen die Lücke zwischen PPS und Fertigung.

Riadiace stanovištia a systém riadenia výroby v informačnej štruktúre výroby. Automatizovaný systém riadenia výroby ako spojovací článok medzi plánovaním a výrobou. Funkcie systému automatizovaného riadenia výroby. Kontrola procesu výroby prostredníctvom zberu a vyhodnocovania dát. Vizualizácia výro...

Ausführliche Beschreibung

Gespeichert in:
Bibliographische Detailangaben
1. Verfasser: Hoff, H.
Weitere Verfasser: Hammer, H.J
Format: Buchkapitel
Sprache:Deutsch
Schlagworte:
Tags: Tag hinzufügen
Keine Tags, Fügen Sie das erste Tag hinzu!

MARC

LEADER 00000naa a2200000 4500
001 r012770
005 20221130112925.4
041 0 |a ger 
044 |a DE 
245 1 0 |a Vom Leitstand zum Fertigungsleitsystem.  |b Dezentrale Systeme schliesen die Lücke zwischen PPS und Fertigung.  |c H. Hoff, H.J. Hammer 
520 |a Riadiace stanovištia a systém riadenia výroby v informačnej štruktúre výroby. Automatizovaný systém riadenia výroby ako spojovací článok medzi plánovaním a výrobou. Funkcie systému automatizovaného riadenia výroby. Kontrola procesu výroby prostredníctvom zberu a vyhodnocovania dát. Vizualizácia výrobného procesu pomocou grafických prostriedkov. Systém tool-managementu. Riadenie skladovania a dopravy. Prehľad ponuky automatizovaných systémov riadenia výroby na trhu. 
610 2 0 |a systémy riadenia automatizované 
610 2 0 |a výroba 
610 2 0 |a riadenie výroby 
610 2 0 |a automatizácia 
610 2 0 |a kontrola 
610 2 0 |a skladovanie 
610 2 0 |a doprava 
610 2 0 |a CAM 
610 2 0 |a CAQS 
610 2 0 |a softvér 
100 1 |a Hoff, H. 
700 1 |a Hammer, H.J.